000 01253nam a2200313 i 4500
003 EG-GICUC
005 20260121101235.0
008 251117s2010 su ||||fr|||| 00| 0 ara d
020 _a9789960141893
040 _a EG-GICUC
_bara
_c EG-GICUC
_d EG-GICUC
_erda
041 0 _hara
082 0 4 _221
_a345.2053
_bح م . ق
092 0 4 _221
099 _aLaw1 07 345.2053 ح م . ق 2010
100 0 _aحمدي محمد العجمي
_eمؤلف.
245 1 2 _aالقانون الإداري في المملكة العربية السعودية :
_b(التنظيم الإداري- النشاط الإداري) /
_cدكـتور حمدي محمد العجمي.
264 1 _aالمملكة العربية السعودية :
_bمركز البحوث ،
_c2010.
300 _a355 صفحة ؛
_c24 سم.
336 _2rda content
_atext
337 _2rda media
_aComputer
338 _2rda carrier
_aOnline Resource
504 _aيشتمل على إرجاعات ببليوجرافية
504 _aببليوجرافيا صفحات : (347-354)
546 _aالنص باللغة العربية
650 1 _aالقانون الإداري
856 4 0 _uhttps://fll.law.cu.edu.eg/fulltext/bks/B07-00826.pdf
905 _a33
942 _2ddc
_cBK
_e21
_n0
999 _c43937
_d43937